Statistics for Geography #5- A-O Geography

Click here to take the quiz!

General Stats

  • This quiz has been taken 100 times
  • The average score is 12 of 15

Answer Stats

HintAnswer% Correct
Country that controls GreenlandDenmark
99%
Bordeaux is located hereFrance
98%
Uninhabited continentAntarctica
97%
Microcountry surrounded by FranceMonaco
96%
City in ItalyNaples
94%
Largest city in PeruLima
92%
Country whose religious majority are Ibadi MuslimsOman
90%
"White Russia"Belarus
89%
A smaller mountainHill
85%
Denmark's peninsulaJutland
78%
Language spoken in BarcelonaCatalan
75%
Primary language in CambodiaKhmer
75%
Longest river in PakistanIndus
69%
Weather pattern occurring about once every seven yearsEl Nino
51%
Major land formation in East AfricaGreat Rift Valley
19%

Score Distribution

Percentile by Number Answered

Percent of People with Each Score

Your Score History

You have not taken this quiz